000 00423 a2200145 4500
999 _c4032
_d4032
020 _a9781842000854
050 _aKBP50 DOI 1984
100 _aDoi, Abdur Rahman I
_eauthor
245 _a
_bthe Islamic law /
_c
264 _aLondon:
_bTa Ha,
_c1984
300 _axxiii, 704p. :
500 _aIncludes bibliographies and index
650 _aIslamic law
942 _2lcc
_cBK
_h50
_iDOI
_kKBP